00477nam a22001697a 4500003000400000005001700004008004100021020001900062082001800081100002500099245006100124260003900185300001400224653002300238653001900261700002700280OSt20260127121300.0260127b |||||||| |||| 00| 0 eng d a9789364330374  a954.035bR24F aReddy, E. S.eEditor aFriends of gandhicEdited By E. S. Reddy And Holger Terp aDelhibGyan publishing housec2025 a288p.bPB aGeneral collection aMahatma Gandhi aTerp, Holger eEditor